Curious kids : (Record no. 492658)
[ view plain ]
| 000 -LEADER | |
|---|---|
| fixed length control field | 01025nam a22002657a 4500 |
| 003 - CONTROL NUMBER IDENTIFIER | |
| control field | OSt |
| 005 - DATE AND TIME OF LATEST TRANSACTION | |
| control field | 20260511114449.0 |
| 008 - FIXED-LENGTH DATA ELEMENTS--GENERAL INFORMATION | |
| fixed length control field | 260511b |||||||| |||| 00| 0 eng d |
| 020 ## - INTERNATIONAL STANDARD BOOK NUMBER | |
| International Standard Book Number | 9781680107296 |
| 040 ## - CATALOGING SOURCE | |
| Original cataloging agency | Kenya National Library Service |
| 082 ## - DEWEY DECIMAL CLASSIFICATION NUMBER | |
| Classification number | 578.74 MAR |
| 100 ## - MAIN ENTRY--PERSONAL NAME | |
| Personal name | Marx, Jonny, |
| Relator term | author. |
| 245 ## - TITLE STATEMENT | |
| Title | Curious kids : |
| Remainder of title | explore the meadow / |
| Statement of responsibility, etc. | text by Jonny Marx ; illustrated by Christiane Engel. |
| 300 ## - PHYSICAL DESCRIPTION | |
| Extent | 1 volume (unpaged) : |
| Other physical details | colour illustrations, pop-ups ; |
| Dimensions | 27 cm. |
| 490 ## - SERIES STATEMENT | |
| Series statement | Tiger tales. |
| 500 ## - GENERAL NOTE | |
| General note | Pop-up board book. |
| 520 ## - SUMMARY, ETC. | |
| Summary, etc. | Introduces insects, frogs, butterflies, ants, bees, and other creatures that live in the meadow through simple facts and interactive pop-up illustrations for young readers. |
| 521 ## - TARGET AUDIENCE NOTE | |
| Target audience note | Ages 3-6. |
| 650 ## - SUBJECT ADDED ENTRY--TOPICAL TERM | |
| Topical term or geographic name entry element | Meadows |
| Form subdivision | Juvenile literature. |
| 650 ## - SUBJECT ADDED ENTRY--TOPICAL TERM | |
| Topical term or geographic name entry element | Animals |
| Form subdivision | Juvenile literature. |
| 700 ## - ADDED ENTRY--PERSONAL NAME | |
| Personal name | Engel, Christiane, |
| Relator term | illustrator. |
| 942 ## - ADDED ENTRY ELEMENTS (KOHA) | |
| Source of classification or shelving scheme | Dewey Decimal Classification |
| Koha item type | Books |
| Suppress in OPAC | No |
| Withdrawn status | Source of classification or shelving scheme | Damaged status | Not for loan | Collection | Home library | Current library | Date acquired | Source of acquisition | Cost, normal purchase price | Total checkouts | Full call number | Barcode | Date last seen | Price effective from | Koha item type |
|---|---|---|---|---|---|---|---|---|---|---|---|---|---|---|---|
| Dewey Decimal Classification | Junior Books | Nakuru Library | Acquisition, Cataloguing, Classification and Distribution Development | 05/11/2026 | BAI | 1874.00 | 578.74 MAR | B234352 | 05/11/2026 | 05/11/2026 | Books |
